|
|
|
|
| LEADER |
00000nab a2200000 a 4500 |
| 001 |
vtls001501325 |
| 003 |
SK-MaSNL |
| 005 |
20260304133444.0 |
| 008 |
050224s1995 xo 000 0 pol |
| 035 |
|
|
|a SPKCL4015
|
| 040 |
|
|
|a SPKCL
|b slo
|c SNKBUCL
|d ŠVK P(ŠME)
|e AACR2
|
| 041 |
|
|
|a pol
|
| 044 |
|
|
|a xo
|c SK
|
| 080 |
|
|
|a 378.096:796:372.879.6
|2 1981
|
| 080 |
|
|
|a 378
|2 1981
|
| 100 |
1 |
|
|a Turosz, M.
|4 aut
|9 1450468
|
| 245 |
1 |
0 |
|a Psychologiczne determinanty powodzenia i niepowodzenia w studiach wychowania fizycznego
|c M. Turosz
|
| 520 |
|
|
|a Práca predstavuje výsledky výskumov, ktoré mali za cieľ určiť úroveň a rozdiely v psychologických parametroch u študentov končiacich I. ročník na fakulte telesnej výchovy.
|
| 773 |
1 |
|
|t Wychowanie fizyczne i sport
|g Roč. 39, č. 1 (1995) s. 43-53
|
| 850 |
|
|
|a Slovenská pedagogická knižnica Bratislava
|
| 852 |
|
|
|a SPKCL
|b KIS3GCP
|b 000710000
|n SK
|
| 999 |
|
|
|c 2901697
|d 2903627
|